Nobel-palkinnot - Statistics

Yleistilastot
  • Tätä visaa on pelattu 449 kertaa
  • Keskiarvotulos 4 / 6
Vastaustilastot
Palkinto % Oikein
Rauha
96%
Fysiikka
87%
Kemia
87%
Kirjallisuus
81%
Lääketiede
49%
Taloustiede
34%
Ehtoja vastaavia visoja ei löytynyt
Tulosjakauma
Jokaisen tuloksen saaneiden osuus
Persentiili vastausten määrän mukaan
Tuloshistoriasi
Et ole pelannut tätä visaa